| 000 | 01333pac a2200361 i 4500 | ||
|---|---|---|---|
| 003 | EG-GICUC | ||
| 005 | 20260121101238.0 | ||
| 008 | 920708s1993 enka frb 001 0 eng d | ||
| 020 |
_a0198252900 _qacid-free paper |
||
| 020 |
_a9780198252900 _q(acid-free paper) |
||
| 040 |
_aDLC _cDLC _dDLC _dEG-GICUC _beng _erda |
||
| 043 | _ae-fr--- | ||
| 050 | 0 | 0 |
_aKJV4669 _b.B76 1993 |
| 082 | 0 | 0 |
_a345.044 _221 |
| 092 | 0 | 4 | _221 |
| 099 | _aLaw 07 1993 | ||
| 100 | 1 |
_aBrown, L. Neville _q(Lionel Neville), _d1923-2008. |
|
| 245 | 1 | 0 | _aFrench administrative law. |
| 250 |
_a4th ed.ition / _bL. Neville Brown, John S. Bell with the assistance of Jean-Michel Galabert. |
||
| 264 |
_aOxford : _bClarendon Press ; _aNew York : _bOxford University Press, _c1993. |
||
| 300 |
_axxv, 333 page : _billustrations ; _c22 cm. |
||
| 336 |
_atext _btxt _2rdacontent |
||
| 337 |
_aunmediated _bn _2rdamedia |
||
| 338 |
_avolume _bnc _2rdacarrier |
||
| 504 | _aIncludes bibliographical references (p. [319]-322) and index. | ||
| 650 | 0 |
_aAdministrative law _zFrance. |
|
| 700 | 1 |
_aBell, John, _d1953- |
|
| 700 | 1 | _aGalabert, Jean-Michel. | |
| 856 | 4 | 2 | _uhttps://fll.law.cu.edu.eg/fulltext/bks/ENGB07-00081.pdf |
| 856 | 4 | 2 |
_3Publisher description _uhttp://www.loc.gov/catdir/enhancements/fy0638/92027365-d.html |
| 905 | _a10 | ||
| 942 |
_2ddc _cBK _e21 _n0 |
||
| 999 |
_c44116 _d44116 |
||